|
|
|
|
| LEADER |
01188nam a2200301 a 4500 |
| 001 |
c000302213 |
| 003 |
CARM |
| 005 |
20061111053305.0 |
| 008 |
950911c19851976enkaf 000 0 eng d |
| 019 |
1 |
|
|a 4648812
|5 LACONCORD2021
|
| 020 |
|
|
|a 0904041484
|
| 035 |
|
|
|a (OCoLC)15297384
|5 LACONCORD2021
|
| 082 |
0 |
4 |
|a 909.82
|2 19
|
| 100 |
1 |
|
|a Anglo, Michael.
|
| 245 |
1 |
0 |
|a Nostalgia :
|b spotlight on the thirties /
|c Michael Anglo.
|
| 260 |
|
|
|a London :
|b Universal Books,
|c 1985, c1976.
|
| 300 |
|
|
|a 144 p., [12] p. of plates :
|b ill. (some col.) ;
|c 30 cm.
|
| 490 |
0 |
|
|a Nostalgia series
|
| 500 |
|
|
|a "Published by Camden House Books"--Dust jacket.
|
| 500 |
|
|
|a Originally published: London : Jupiter Books, 1976.
|
| 500 |
|
|
|a Series statement from jacket.
|
| 650 |
|
0 |
|a Civilization, Modern
|y 20th century.
|
| 650 |
|
0 |
|a History, Modern
|y 20th century.
|
| 650 |
|
0 |
|a Popular culture
|x History
|y 20th century.
|
| 740 |
0 |
|
|a Spotlight on the thirties.
|
| 852 |
8 |
|
|b CARM
|h A3:AI09C0
|i F07640
|p 0546247
|f BK
|
| 999 |
f |
f |
|i 69721829-273c-5b23-969a-7e43e2cac996
|s 42f0a026-70c3-5446-8647-9b6ff0301e81
|
| 952 |
f |
f |
|p Can circulate
|a CAVAL
|b CAVAL
|c CAVAL
|d CARM 1 Store
|e F07640
|f A3:AI09C0
|h Other scheme
|i book
|m 0546247
|